00409aam a2200145 450000500170000000800410001704100140005808200160007210000330008824500270012126000580014830000190020665000150022565000230024020161117114501.0150625b xxu||||| |||| 00| 0 spa d aEspañol a398.2 S161L aSalazar Salvatierra, Rodrigo aLas leyendas del Duchi aCosta RicabMinisterio de Educación Públicac1977 a103 páginas  aCOSTA RICA aLEYENDAS INDIGENAS